000 00537nmm a2200193Ia 4500
008 251105s9999||||xx |||||||||||||||||und||
020 _a9788433908957
041 _aspa
100 _aZulaika, Jaime
245 0 _aEl fin de Alice
264 _a[Madrid, España] :
_bEditorial Anagrama,
_c2014
300 _a288 páginas
490 _aPanorama de narrativas
650 _aNorth American narrative
700 _aZulaika, Jaime
700 1 _a Homes, A. M.
856 _uhttps://public.digitaliapublishing.com/a/32347
942 _cCF
999 _c72863
_d72863